[Event "Mittelfranken Landesliga Sued 2223"]
[Site "Mittelfranken"]
[Date "2023.01.15"]
[Round "5.8"]
[White "Krause, Maximilian"]
[Black "Jakob, Matthias"]
[Result "1-0"]
[WhiteElo "2053"]
[BlackElo "2004"]
[PlyCount "53"]
[EventDate "2022.10.09"]
[EventType "team-tourn"]
[EventRounds "9"]
[EventCountry "GER"]
[SourceTitle "EXT 2024"]
[Source "ChessBase"]
[SourceDate "2023.10.10"]
[SourceVersion "1"]
[SourceVersionDate "2023.10.10"]
[SourceQuality "1"]
[WhiteTeam "Augsburg SF"]
[BlackTeam "Unterhaching"]
[WhiteTeamCountry "GER"]
[BlackTeamCountry "GER"]

1. e4 e6 2. d4 d5 3. Nd2 Nf6 4. e5 Nfd7 5. Bd3 c5 6. c3 Nc6 7. Ne2 cxd4 8. cxd4 f6 9. exf6 Nxf6 10. 0-0 Bd6 11. Nf3 0-0 12. Bf4 Bxf4 13. Nxf4 Ne4 14. Nh5 g6 15. Ng3 Nxg3 16. hxg3 Qb6 17. Bc2 Bd7 18. Ba4 Rac8 19. Bxc6 bxc6 20. Ne5 Be8 21. Qg4 Rf5 22. Qh4 c5 23. Rac1 Bb5 24. Rfe1 Rcf8 25. dxc5 Qc7 26. Qd4 Rxf2 27. Ng4 1-0

[Event "Blankenese op 2nd"]
[Site "Hamburg"]
[Date "2018.09.30"]
[Round "3.18"]
[White "Maisuradze, Daviti"]
[Black "Krause, Maximilian"]
[Result "0-1"]
[WhiteElo "1749"]
[BlackElo "1951"]
[PlyCount "102"]
[EventDate "2018.09.29"]
[EventType "swiss"]
[EventRounds "7"]
[EventCountry "GER"]
[SourceTitle "EXT 2020"]
[Source "ChessBase"]
[SourceDate "2019.10.17"]
[SourceVersion "1"]
[SourceVersionDate "2019.10.17"]
[SourceQuality "1"]

1. d4 d5 2. e3 Nf6 3. Bd3 c5 4. c3 Nc6 5. f4 Bg4 6. Nf3 e6 7. Nbd2 Be7 8. 0-0 0-0 9. Qe1 Bf5 10. Bxf5 exf5 11. Nh4 g6 12. Nhf3 Re8 13. Ne5 Bf8 14. Ndf3 Ne4 15. Qd1 c4 16. Nxc6 bxc6 17. Ne5 Qc7 18. Bd2 f6 19. Nf3 Rab8 20. Rb1 Qa5 21. a4 Rb3 22. Be1 Reb8 23. Nd2 Rxb2 24. Rxb2 Rxb2 25. Nxe4 fxe4 26. h4 f5 27. h5 Qc7 28. hxg6 hxg6 29. Rf2 Qb7 30. Rxb2 Qxb2 31. Kf1 Qb3 32. Ke2 c5 33. Bd2 cxd4 34. exd4 Qxd1+ 35. Kxd1 Kf7 36. Kc2 Ke6 37. g3 Kd7 38. Bc1 Kc6 39. Kb2 Kb6 40. Ka2 Ka5 41. Bd2 Kxa4 42. Be3 Kb5 43. Bd2 Kc6 44. Be3 Kd7 45. Bd2 Ke6 46. Be3 Kf7 47. Kb2 Kg7 48. Kc2 Kh6 49. Kd2 Kh5 50. Ke2 Kg4 51. Kf2 Ba3 0-1

[Event "Hannover-ch op"]
[Site "Stadthagen"]
[Date "2009.10.03"]
[Round "1"]
[White "Loessing, Thorsten"]
[Black "Krause, Maximilian"]
[Result "0-1"]
[WhiteElo "1383"]
[BlackElo "1761"]
[PlyCount "80"]
[EventDate "2009.10.01"]
[EventType "swiss"]
[EventRounds "7"]
[EventCountry "GER"]
[SourceTitle "EXT 2021"]
[Source "ChessBase"]
[SourceDate "2020.10.23"]
[SourceVersion "1"]
[SourceVersionDate "2020.10.23"]
[SourceQuality "1"]

1. e4 c5 2. Nf3 Nc6 3. d4 cxd4 4. Nxd4 e6 5. c3 Bc5 6. Nb3 Be7 7. Be3 Nf6 8. N1d2 0-0 9. Bd3 d5 10. f3 e5 11. 0-0 a5 12. exd5 Nxd5 13. Qe2 Re8 14. a4 Be6 15. Rfd1 Nxe3 16. Qxe3 Bg5 17. Qe2 Qb6+ 18. Kh1 Bxd2 19. Qe4 g6 20. Re1 Bxb3 21. Re2 Bh6 22. c4 Qd4 23. Ra3 Qxe4 24. Rxe4 Nd4 25. g3 Bf8 26. Ra1 f5 27. Ree1 Bb4 28. Rg1 Nxf3 29. Rg2 e4 30. Be2 Red8 31. g4 f4 32. h4 Nxh4 33. Rh2 f3 34. Bf1 g5 35. Kg1 e3 36. c5 Bxc5 37. Kh1 Bd5 38. Rxh4 gxh4 39. b4 axb4 40. Rc1 e2 0-1

[Event "Niedersachsen-chT U16"]
[Site "Verden an der Aller"]
[Date "2009.05.23"]
[Round "4.1"]
[White "Konow, Philipp"]
[Black "Krause, Maximilian"]
[Result "1-0"]
[WhiteElo "1856"]
[BlackElo "1659"]
[PlyCount "89"]
[EventDate "2009.05.21"]
[EventType "team-tourn"]
[EventRounds "5"]
[EventCountry "GER"]
[SourceTitle "EXT 2010"]
[Source "ChessBase"]
[SourceDate "2010.11.25"]
[SourceVersion "1"]
[SourceVersionDate "2010.11.25"]
[SourceQuality "1"]
[WhiteTeam "Stade"]
[BlackTeam "Bueckeburg"]
[WhiteTeamCountry "GER"]
[BlackTeamCountry "GER"]

1. d4 d5 2. c4 c6 3. Nc3 Nf6 4. Bg5 e6 5. e3 dxc4 6. Bxc4 Bb4 7. Nge2 Nbd7 8. 0-0 0-0 9. Qc2 Qc7 10. f4 h6 11. Bh4 Nb6 12. Bd3 Nfd5 13. Rf3 f5 14. e4 fxe4 15. Nxe4 Bd6 16. Nxd6 Qxd6 17. Qd2 Nb4 18. Be4 Bd7 19. a3 N4d5 20. Bc2 Be8 21. Qd3 g6 22. Kh1 Nd7 23. Qd2 N7b6 24. Bg3 Qe7 25. Nc1 Nc4 26. Qe2 Nd6 27. Nd3 Nf5 28. Bf2 h5 29. Re1 Bf7 30. Nc5 Rfe8 31. Ne4 Rad8 32. Ng5 Qd6 33. g3 Nf6 34. Rd1 Ng4 35. Bg1 Rd7 36. Ne4 Qe7 37. Nc5 Rd6 38. Ne4 Rd7 39. h3 Nf6 40. Nc5 Rd6 41. Kg2 Red8 42. Rfd3 Be8 43. Bb3 Nd5 44. Qe5 Qg7 45. Qxg7+ 1-0

[Event "Niedersachsen-chT U16"]
[Site "Verden an der Aller"]
[Date "2008.05.02"]
[Round "3.2"]
[White "Krause, Maximilian"]
[Black "Freitag, Florian"]
[Result "1/2-1/2"]
[WhiteElo "1427"]
[BlackElo "1134"]
[PlyCount "52"]
[EventDate "2008.05.01"]
[EventType "team"]
[EventRounds "7"]
[EventCountry "GER"]
[SourceTitle "EXT 2009"]
[Source "ChessBase"]
[SourceDate "2008.11.26"]
[SourceVersion "1"]
[SourceVersionDate "2008.11.26"]
[SourceQuality "1"]

1. d4 d5 2. c4 c6 3. Nc3 Nf6 4. Nf3 e6 5. Bg5 Be7 6. e3 Nbd7 7. Bd3 0-0 8. 0-0 dxc4 9. Bxc4 Nd5 10. Bxe7 Qxe7 11. e4 Nxc3 12. bxc3 e5 13. Re1 exd4 14. cxd4 Nb6 15. Bb3 Bg4 16. Qd3 Rfd8 17. Qe3 Bxf3 18. gxf3 Qd6 19. Rad1 Qg6+ 20. Kh1 Rd7 21. Rg1 Qd6 22. Qg5 g6 23. Rg3 Qe7 24. Qh6 Qf8 25. Qh3 Rad8 26. Rdg1 Rxd4 1/2-1/2

[Event "Niedersachsen-ch U14"]
[Site "Rotenburg"]
[Date "2008.03.20"]
[Round "9"]
[White "Rethmann, Kristin"]
[Black "Krause, Maximilian"]
[Result "1/2-1/2"]
[WhiteElo "1412"]
[BlackElo "1405"]
[PlyCount "68"]
[EventDate "2008.03.15"]
[EventType "swiss"]
[EventRounds "9"]
[EventCountry "GER"]
[SourceTitle "EXT 2009"]
[Source "ChessBase"]
[SourceDate "2008.11.26"]
[SourceVersion "1"]
[SourceVersionDate "2008.11.26"]
[SourceQuality "1"]

1. e4 c5 2. Nf3 Nc6 3. d4 cxd4 4. Nxd4 Nf6 5. Nc3 e6 6. Ndb5 Bb4 7. a3 Bxc3+ 8. Nxc3 h6 9. Qd6 Qe7 10. e5 Qxd6 11. exd6 a6 12. Be3 b5 13. Bb6 0-0 14. 0-0-0 Rb8 15. Be3 Ng4 16. Be2 Nxe3 17. fxe3 Bb7 18. Rhg1 Rfc8 19. g4 b4 20. axb4 Nxb4 21. Rd2 Nd5 22. Nxd5 Bxd5 23. g5 hxg5 24. Rxg5 Rb6 25. Bh5 Rcc6 26. Rf2 g6 27. h4 Rb4 28. Bxg6 fxg6 29. Rxg6+ Kh7 30. h5 Be4 31. Rgf6 Rxd6 32. h6 Bf5 33. R2xf5 Rg4 34. Rf1 Rg3 1/2-1/2